000
00309nam a22001217a 4500
008
190314b xxu||||| |||| 00| 0 eng d
041
_a
eng
080
_a
043.3
100
_a
0
101
_a
INI-BA
245
_a
Roli dhe rendesia e mbrojtjes ne pune ne Sektorin e Ndertimtarisr
_c
Hajrizi, R
942
_2
udc
_c
BK
999
_c
54809
_d
54809